000 00596cam a22002413a 4500
001 25147
003 PGUSA
005 20140828083536.0
008 080423s2008||||xxu|||||s|||||000 | eng d
040 _aPGUSA
_beng
042 _adc
050 4 _aPL
245 1 0 _a黃繡球
_h[electronic resource]
260 _bProject Gutenberg,
_c2008
506 _aPublic domain in the USA.
516 _aElectronic text
700 1 _aYisuo
740 0 _aHuang Xiu Qiu
740 0 _a黄绣球
830 0 _aProject Gutenberg
_v25147
856 4 0 _uhttp://www.gutenberg.org/ebooks/25147
942 _cEB
999 _c254402
_d254402